जानिए मंगल ग्रह को / (Record no. 66720)

MARC details
000 -LEADER
fixed length control field 00957nam a22002417a 4500
005 - DATE AND TIME OF LATEST TRANSACTION
control field 20180806130853.0
008 - FIXED-LENGTH DATA ELEMENTS--GENERAL INFORMATION
fixed length control field 080630t xxu||||| |||| 00| 0 hin d
010 ## - LCCN (DPL NO)
LC control number
020 ## - INTERNATIONAL STANDARD BOOK NUMBER
Terms of availability 125.00
International Standard Book Number 8188140538
035 ## - SYSTEM CONTROL NUMBER
System control number B-186834, B-186833
037 ## - SOURCE OF ACQUISITION
Source of stock number/acquisition DBAD / PUB
040 ## - CATALOGING SOURCE
Original cataloging agency DPL
Language of cataloging HN
082 ## - DEWEY DECIMAL CLASSIFICATION NUMBER
Classification number 523.43
100 ## - MAIN ENTRY--PERSONAL NAME
Personal name ओझा, डी.डी.
9 (RLIN) 47182
245 ## - TITLE STATEMENT
Title जानिए मंगल ग्रह को /
Statement of responsibility, etc डी.डी.ओझा
246 ## - VARYING FORM OF TITLE
Title proper/short title
Remainder of title
260 ## - PUBLICATION, DISTRIBUTION, ETC. (IMPRINT)
Place of publication, distribution, etc नई दिल्ली
Name of publisher, distributor, etc विद्या विहार
Date of publication, distribution, etc 2005
270 ## - ADDRESS
Address
City
Postal code
300 ## - PHYSICAL DESCRIPTION
Extent 103पृ
Dimensions 22सेमी(सजिल्द)
Other physical details सचित्र
490 ## - SERIES STATEMENT
Series statement लोकप्रिय विज्ञान माला
942 ## - ADDED ENTRY ELEMENTS (KOHA)
Item type Hindi Books
Source of classification or shelving scheme Dewey Decimal Classification
Classification part 523.43
Call number suffix ओझाडी
Holdings
Withdrawn status Lost status Source of classification or shelving scheme Damaged status Not for loan Collection code Home library Current library Date acquired Cost, normal purchase price Total Checkouts Full call number Barcode Date last seen Cost, replacement price Koha item type Source of acquisition
    Dewey Decimal Classification     Non-fiction Patel Nagar Patel Nagar 06/08/2018 125.00 1 523.43 ओझाडी B-186833 20/08/2018 125.00 Hindi Books BPPD/Pub
    Dewey Decimal Classification     Non-fiction Sarojini Nagar Sarojini Nagar 16/05/2012 125.00   523.43 ओझाडी B-186834 16/05/2012 125.00 Hindi Books  

© Delhi Public Library
Hit Counter
free hit counter